Footballeurs en E (par images). - Statistiques

Statistiques générales
  • Ce quiz a été pris 682 fois
  • Le résultat moyen est 10 sur 16
Statistiques - réponses
Par images Réponse % Correct
Samuel Eto'o
96%
Patrice Évra
95%
Christian Eriksen
94%
Éder
94%
Ederson
92%
Eusébio
92%
Hugo Ekitike
85%
Michael Essien
82%
Stephan El Shaarawy
65%
Anthony Elanga
49%
Odsonne Édouard
37%
Vincent Enyeama
35%
Edmílson
24%
Emerson
16%
Julien Escudé
11%
Emmanuel Emenike
6%
Aucun quiz correspondant
Distribution des résultats
% des personnes avec chaque résultat
Percentile par nombre de réponses
Votre historique - résultats
Vous n’avez pas pris ce quiz